| 000 | 00770nam a2200217Ii 4500 | ||
|---|---|---|---|
| 003 | JO-AjNU | ||
| 008 | 230606s9999||||xx |||||||||||||| ||und|| | ||
| 020 | _a978-1-78899-077-6 | ||
| 040 |
_aJO-AjNU _beng _erda _cJO-AjNU |
||
| 041 | _aeng | ||
| 050 | 1 | 4 | _aQA76.2019 |
| 100 | 3 |
_aSluga, Marko , _eauthor _96769 |
|
| 245 | 0 | 0 | _aAWS Certified SysOps Administrator-Associate Guide: Your- one stop solution ror passing the AWS Sysops Administrator certification |
| 250 | _a1ed | ||
| 264 | 3 | 1 | _aUK: PACK Publishing, 2019 |
| 300 | _a564p | ||
| 336 |
_atext _btxt _2rdacontent |
||
| 337 |
_aunmediated _bn _2rdamedia |
||
| 338 |
_avolume _bnc _2rdacarrier |
||
| 650 | 4 |
_a Administrator-Associate Guide: Your- one stop solution ror passing - Administrator certification _96770 |
|
| 999 |
_aE3517 _c3509 _d3509 |
||